|
|
|
|
| LEADER |
03891nam a2200553 4500 |
| 001 |
978-3-030-04949-2 |
| 003 |
DE-He213 |
| 005 |
20191022033805.0 |
| 007 |
cr nn 008mamaa |
| 008 |
190329s2019 gw | s |||| 0|eng d |
| 020 |
|
|
|a 9783030049492
|9 978-3-030-04949-2
|
| 024 |
7 |
|
|a 10.1007/978-3-030-04949-2
|2 doi
|
| 040 |
|
|
|d GrThAP
|
| 050 |
|
4 |
|a GE1-350
|
| 072 |
|
7 |
|a RNP
|2 bicssc
|
| 072 |
|
7 |
|a SCI026000
|2 bisacsh
|
| 072 |
|
7 |
|a RNP
|2 thema
|
| 082 |
0 |
4 |
|a 577.14
|2 23
|
| 245 |
1 |
0 |
|a Nanophotocatalysis and Environmental Applications
|h [electronic resource] :
|b Energy Conversion and Chemical Transformations /
|c edited by Inamuddin, Mohd Imran Ahamed, Abdullah M. Asiri, Eric Lichtfouse.
|
| 250 |
|
|
|a 1st ed. 2019.
|
| 264 |
|
1 |
|a Cham :
|b Springer International Publishing :
|b Imprint: Springer,
|c 2019.
|
| 300 |
|
|
|a XIII, 273 p. 123 illus., 67 illus. in color.
|b online resource.
|
| 336 |
|
|
|a text
|b txt
|2 rdacontent
|
| 337 |
|
|
|a computer
|b c
|2 rdamedia
|
| 338 |
|
|
|a online resource
|b cr
|2 rdacarrier
|
| 347 |
|
|
|a text file
|b PDF
|2 rda
|
| 490 |
1 |
|
|a Environmental Chemistry for a Sustainable World,
|x 2213-7114 ;
|v 31
|
| 505 |
0 |
|
|a 1. Nanophotocatalysts for fuel production -- 2. Highly stable metal oxides-based heterostructured photocatalysts for an efficient photocatalytic hydrogen production -- 3. Novelty in designing of photocatalysts for water splitting and CO2 reduction -- 4. Z-Scheme Photocatalysts for the Reduction of Carbon Dioxide: Recent Advances and Perspectives -- 5. Photocatalysts for Artifical Photosynthesis -- 6. Polymeric semiconductors as efficient photocatalysts for water purification and solar hydrogen production -- 7. Advances and innovations in photocatalysis -- 8. Solar Light Active Nano Photocatalysts -- 9. High performance photocatalysts for organic reactions.
|
| 520 |
|
|
|a This book presents photocatalysis as a state-of-art technology in energy production and conversion. The ever increasing demand for energy with growing economies has led to a dearth of energy sources. The exhaustive dependability on non-renewable resources of energy has not just depleted them but also lead to the birth of secondary problems such as pollution and climate change. The photoactive processes have opened a new window for the production of green energy and helped in environmental sustainability. The harnessing of renewable sources especially sun and water for fuel production and noxious gases reduction solve both the issues of pollution mitigation and energy crisis.
|
| 650 |
|
0 |
|a Environmental chemistry.
|
| 650 |
|
0 |
|a Chemical engineering.
|
| 650 |
|
0 |
|a Renewable energy resources.
|
| 650 |
|
0 |
|a Energy security.
|
| 650 |
1 |
4 |
|a Environmental Chemistry.
|0 http://scigraph.springernature.com/things/product-market-codes/U15000
|
| 650 |
2 |
4 |
|a Industrial Chemistry/Chemical Engineering.
|0 http://scigraph.springernature.com/things/product-market-codes/C27000
|
| 650 |
2 |
4 |
|a Renewable and Green Energy.
|0 http://scigraph.springernature.com/things/product-market-codes/111000
|
| 650 |
2 |
4 |
|a Energy Security.
|0 http://scigraph.springernature.com/things/product-market-codes/121000
|
| 700 |
1 |
|
|a Inamuddin.
|e editor.
|4 edt
|4 http://id.loc.gov/vocabulary/relators/edt
|
| 700 |
1 |
|
|a Ahamed, Mohd Imran.
|e editor.
|4 edt
|4 http://id.loc.gov/vocabulary/relators/edt
|
| 700 |
1 |
|
|a Asiri, Abdullah M.
|e editor.
|4 edt
|4 http://id.loc.gov/vocabulary/relators/edt
|
| 700 |
1 |
|
|a Lichtfouse, Eric.
|e editor.
|4 edt
|4 http://id.loc.gov/vocabulary/relators/edt
|
| 710 |
2 |
|
|a SpringerLink (Online service)
|
| 773 |
0 |
|
|t Springer eBooks
|
| 776 |
0 |
8 |
|i Printed edition:
|z 9783030049485
|
| 776 |
0 |
8 |
|i Printed edition:
|z 9783030049508
|
| 830 |
|
0 |
|a Environmental Chemistry for a Sustainable World,
|x 2213-7114 ;
|v 31
|
| 856 |
4 |
0 |
|u https://doi.org/10.1007/978-3-030-04949-2
|z Full Text via HEAL-Link
|
| 912 |
|
|
|a ZDB-2-EES
|
| 950 |
|
|
|a Earth and Environmental Science (Springer-11646)
|